The Merriam – Webster: Dictionary of Synonyms and Antonyms

Salvato in:
Dettagli Bibliografici
Natura: Libro
Lingua:English
Pubblicazione: Massachusetts, Estados Unidos Merriam–Webster 1992
Soggetti:
Tags: Aggiungi Tag
Nessun Tag, puoi essere il primo ad aggiungerne!!

MARC

LEADER 00000nam a22000007a 4500
008 180409b xxu||||| |||| 00| 0 eng d
040 |a cru BVZT 
090 |a R-413 M-1m SIN-ANT ING-ING 
245 |a The Merriam – Webster: Dictionary of Synonyms and Antonyms  |c A Merriam–Webster 
260 |a Massachusetts, Estados Unidos  |c 1992  |b Merriam–Webster 
300 |a 443 páginas 
650 |a REFERENCIA 
650 |a DICCIONARIO DE SINÓNIMOS Y ANTÓNIMOS EN INGLÉS 
942 |c REF 
999 |c 30455  |d 30455